000 00349nam a2200133Ia 4500
008 220204s9999 xx 000 0 und d
082 _a615.33
_bGOT.1
245 0 _aAntibiotics. V 1. Mechanism of action
260 _aNew York
_bSpringer Verlag
_c1967
650 _aAntibiotics
700 _aGottlieb, David
700 _aShaw, Paul D
942 _cBK
999 _c21180
_d21180